| 000 | 00847nam a22002297a 4500 | ||
|---|---|---|---|
| 999 |
_c65122 _d65122 |
||
| 005 | 20240530110808.0 | ||
| 008 | 190115s2017 ua a g 000 0 ara d | ||
| 017 |
_a2017/21874 _bمصر. دار الكتب |
||
| 020 | _a9789773223953 | ||
| 040 |
_aEG-CaGPL _cEG-CaGPL |
||
| 082 | 0 | 4 |
_221 _a305.553 / _bح ح |
| 100 | 0 | _aحامد الهادى | |
| 245 | 1 | 2 |
_aالحرفيون : _bبين التكيف مع الفقر وصناعة راس المال / _cحامد الهادى |
| 250 | _aط.1 | ||
| 260 |
_aالقاهرة : _bعين للدراسات و البحوث الانسانية و الاجتماعية، _c2018 . |
||
| 300 |
_a310 ص. : _bايض ؛ _c24 سم. |
||
| 650 | 0 | 7 |
_2qrmak _aالحرفيون |
| 650 | 0 | 7 |
_aالحرفيون المصريون _2qrmak |
| 651 | _2qrmak | ||
| 942 |
_2ddc _cBK |
||